000 00911nas a2200277 4500
001 BR2014006010
003 BR-BrBNA
005 20231205124535.0
007 ta
008 230509b bl.|||p| |||| 00| 00por d
040 _aBR-BrBNA
_bpor
_cBiblioteca Nacional de Agricultura
041 _a(Pt)
072 _aL53
100 1 _aGodoy, R.F.
100 1 _aSantana, A.E.
100 1 _aCampos Filho, E.
100 1 _aOliveira, J.V.
245 1 _aEstudo eritroleucométrico e proteinograma sérico do sangue do cordão umbilical e jugular de eqüinos ao nascimento e de suas respectivas mães
650 _aEQÜINO
650 _aSANGUE
650 _aPROTEÍNA
650 _aHEMOGLOBINA
773 0 _tArquivo Brasileiro de Medicina Veterinária e Zootecnia (Brazil)
_xISSN 0102-0935
_g(Dec 2007), v. 59(6) p. 1376-1381
_wBR2014006010
909 _a202311
_bLúcia
_c55
_dLúcia Elande
942 _2AGRIS
_n0
_cANA
999 _c239611
_d239611